[Event "AUT-ch (Women)"]
[Site "Feldkirch"]
[Date "2012.07.21"]
[Round "1"]
[White "Horvath, Maria"]
[Black "Moser, Eva"]
[Result "0-1"]
[WhiteElo "2029"]
[BlackElo "2471"]
[PlyCount "44"]
[EventDate "2012.07.21"]
[EventType "swiss"]
[EventRounds "9"]
[EventCountry "AUT"]
[SourceTitle "CBM 149 Extra"]
[Source "ChessBase"]
[SourceDate "2012.08.24"]
[SourceVersion "1"]
[SourceVersionDate "2012.08.24"]
[SourceQuality "1"]

1. d4 c5 2. d5 d6 3. c4 g6 4. Nc3 Bg7 5. e4 e6 6. Bd3 Ne7 7. Nf3 exd5 8. cxd5
Bg4 9. h3 Bxf3 10. Qxf3 O-O 11. O-O Nd7 12. Qd1 f5 13. Re1 f4 14. f3 Ne5 15.
Bf1 g5 16. Bd2 N7g6 17. Nb1 b5 18. Bxb5 g4 19. hxg4 c4 20. Bc6 Nxc6 21. dxc6
Bd4+ 22. Kf1 Qh4 0-1

[Event "GRE-chT 40th"]
[Site "Achaea"]
[Date "2012.07.04"]
[Round "6.3"]
[White "Socko, Monika"]
[Black "Moser, Eva"]
[Result "1-0"]
[WhiteElo "2484"]
[BlackElo "2469"]
[PlyCount "83"]
[EventDate "2012.06.30"]
[EventType "team-swiss"]
[EventRounds "7"]
[EventCountry "GRE"]
[SourceTitle "CBM 149 Extra"]
[Source "ChessBase"]
[SourceDate "2012.08.24"]
[SourceVersion "1"]
[SourceVersionDate "2012.08.24"]
[SourceQuality "1"]
[WhiteTeam "Corinth Argonaftis REC"]
[BlackTeam "Florinas"]
[WhiteTeamCountry "GRE"]
[BlackTeamCountry "GRE"]

1. d4 e6 2. c4 f5 3. Nf3 Nf6 4. e3 b6 5. Be2 Bb7 6. O-O Bd6 7. Nc3 O-O 8. Nb5
Be7 9. b3 a6 10. Nc3 Bb4 11. Bb2 Bxc3 12. Bxc3 Ne4 13. Bb2 d6 14. d5 e5 15. Nd2
Nxd2 16. Qxd2 Nd7 17. f4 Qe7 18. Rae1 Rae8 19. Bh5 Rd8 20. Bd1 c6 21. b4 cxd5
22. cxd5 Nf6 23. Bb3 Ne4 24. Qd3 Kh8 25. Rc1 a5 26. a3 Ra8 27. Rc2 Ba6 28. Bc4
Bxc4 29. Qxc4 exf4 30. exf4 axb4 31. axb4 Ra7 32. Re1 h6 33. Qd4 b5 34. g4 Qh4
35. Re3 Rc7 36. gxf5 Qxf4 37. Rxe4 Qxf5 38. Rf2 Qg6+ 39. Rg2 Qf5 40. Re1 Re7
41. Rd1 Rf6 42. Qg4 1-0

[Event "GRE-chT 40th"]
[Site "Achaea"]
[Date "2012.07.03"]
[Round "5.6"]
[White "Ikonomopoulou, Maria"]
[Black "Moser, Eva"]
[Result "0-1"]
[WhiteElo "2124"]
[BlackElo "2469"]
[PlyCount "80"]
[EventDate "2012.06.30"]
[EventType "team-swiss"]
[EventRounds "7"]
[EventCountry "GRE"]
[SourceTitle "CBM 149 Extra"]
[Source "ChessBase"]
[SourceDate "2012.08.24"]
[SourceVersion "1"]
[SourceVersionDate "2012.08.24"]
[SourceQuality "1"]
[WhiteTeam "Korydallos"]
[BlackTeam "Florinas"]
[WhiteTeamCountry "GRE"]
[BlackTeamCountry "GRE"]

1. e4 e6 2. d4 d5 3. Nc3 Nf6 4. Bg5 dxe4 5. Nxe4 Be7 6. Bxf6 gxf6 7. Qd2 Nd7 8.
O-O-O f5 9. Nc3 Nf6 10. Kb1 a6 11. g3 c5 12. Nge2 cxd4 13. Qf4 Ng4 14. Rxd4 Qb6
15. Qd2 Bf6 16. Rd6 Qxf2 17. Bh3 Ne5 18. Qh6 Ng6 19. Rhd1 b5 20. Nf4 Bb7 21.
Bxf5 b4 22. Nxe6 Qxf5 23. Nc7+ Ke7 24. N3d5+ Kxd6 25. Ne3+ Kxc7 26. Nxf5 Rad8
27. Rf1 Bg2 28. Rg1 Be4 29. Qh5 Rd5 30. g4 Rhd8 31. a3 b3 32. Rc1 bxc2+ 33. Ka2
Rb5 34. b3 Kb8 35. Qxh7 Bd5 36. Qh3 Nf4 37. Qe3 Bxb3+ 38. Qxb3 Rxb3 39. Kxb3
Rd3+ 40. Ka4 Rc3 0-1

[Event "GRE-chT 40th"]
[Site "Achaea"]
[Date "2012.07.02"]
[Round "4.8"]
[White "Moser, Eva"]
[Black "Pambalou, Fotini"]
[Result "1-0"]
[WhiteElo "2469"]
[BlackElo "2098"]
[PlyCount "101"]
[EventDate "2012.06.30"]
[EventType "team-swiss"]
[EventRounds "7"]
[EventCountry "GRE"]
[SourceTitle "CBM 149 Extra"]
[Source "ChessBase"]
[SourceDate "2012.08.24"]
[SourceVersion "1"]
[SourceVersionDate "2012.08.24"]
[SourceQuality "1"]
[WhiteTeam "Florinas"]
[BlackTeam "Von Heraklion Contact"]
[WhiteTeamCountry "GRE"]
[BlackTeamCountry "GRE"]

1. b3 d5 2. Bb2 e6 3. e3 Nf6 4. f4 c5 5. Nf3 Nc6 6. Bb5 Bd7 7. O-O Be7 8. Bxc6
Bxc6 9. Ne5 O-O 10. d3 Rc8 11. Nd2 Ne8 12. Qh5 f6 13. Nxc6 Rxc6 14. Rf3 g6 15.
Qh3 f5 16. Rff1 Bf6 17. Bxf6 Nxf6 18. Nf3 Nd7 19. e4 Kg7 20. exd5 exd5 21. Rae1
Re8 22. Rxe8 Qxe8 23. Re1 Re6 24. Rxe6 Qxe6 25. Qxh7+ Kxh7 26. Ng5+ Kg7 27.
Nxe6+ Kf6 28. Nd8 b6 29. Nc6 a5 30. d4 cxd4 31. Nxd4 Nc5 32. a4 Ne4 33. h3 Ke7
34. Kf1 Kd6 35. Ke2 Kc5 36. Ke3 Kb4 37. Nb5 Kc5 38. c3 Nf6 39. h4 Kc6 40. Kf3
Ne4 41. g4 Nd2+ 42. Ke3 Nxb3 43. gxf5 gxf5 44. Nd4+ Nxd4 45. Kxd4 b5 46. axb5+
Kxb5 47. h5 a4 48. Kd3 d4 49. cxd4 Kb4 50. h6 a3 51. Kc2 1-0

[Event "GRE-chT 40th"]
[Site "Achaea"]
[Date "2012.06.30"]
[Round "1.11"]
[White "Cramling, Pia"]
[Black "Moser, Eva"]
[Result "1-0"]
[WhiteElo "2478"]
[BlackElo "2469"]
[PlyCount "57"]
[EventDate "2012.06.30"]
[EventType "team-swiss"]
[EventRounds "7"]
[EventCountry "GRE"]
[SourceTitle "CBM 149 Extra"]
[Source "ChessBase"]
[SourceDate "2012.08.24"]
[SourceVersion "1"]
[SourceVersionDate "2012.08.24"]
[SourceQuality "1"]
[WhiteTeam "Ptolemaida Ptolemaios"]
[BlackTeam "Florinas"]
[WhiteTeamCountry "GRE"]
[BlackTeamCountry "GRE"]

1. d4 c5 2. d5 d6 3. e4 g6 4. Bb5+ Nd7 5. a4 Bg7 6. Nf3 Ngf6 7. Nc3 a6 8. Be2
b6 9. O-O O-O 10. Re1 Rb8 11. Rb1 Ne8 12. Bf4 Nc7 13. Qd2 b5 14. axb5 axb5 15.
b4 f5 16. Bh6 fxe4 17. Bxg7 Kxg7 18. Nxe4 Nf6 19. Nxf6 Rxf6 20. bxc5 dxc5 21.
c4 Bf5 22. Ra1 Rb7 23. Ne5 Qd6 24. Qb2 h5 25. Bf3 Bc2 26. Qxc2 Na6 27. Nc6 Nb4
28. Nxb4 cxb4 29. cxb5 1-0

[Event "Vienna (Women)"]
[Site "Vienna"]
[Date "2012.05.13"]
[Round "9"]
[White "Moser, Eva"]
[Black "Osmanodja, Filiz"]
[Result "1-0"]
[WhiteElo "2469"]
[BlackElo "2160"]
[PlyCount "79"]
[EventDate "2012.05.05"]
[EventType "tourn"]
[EventRounds "9"]
[EventCountry "AUT"]
[SourceTitle "CBM 148 Extra"]
[Source "ChessBase"]
[SourceDate "2012.06.22"]
[SourceVersion "1"]
[SourceVersionDate "2012.06.22"]
[SourceQuality "1"]

1. e4 c5 2. d3 Nc6 3. g3 g6 4. Bg2 Bg7 5. f4 e6 6. Nf3 Nge7 7. O-O O-O 8. c3 b6
9. Be3 Ba6 10. Bf2 d6 11. Re1 Qd7 12. d4 cxd4 13. Nxd4 Rad8 14. Nxc6 Qxc6 15.
Na3 Bb7 16. Nc2 e5 17. a4 f5 18. a5 Qc7 19. axb6 axb6 20. fxe5 dxe5 21. Qe2 f4
22. Rad1 Bc8 23. Qb5 Rxd1 24. Rxd1 Bg4 25. Rd2 Nc8 26. Qd5+ Kh8 27. h3 fxg3 28.
Bxg3 Bh5 29. Qe6 g5 30. Rd7 Qc5+ 31. Kh2 Bg6 32. Nb4 Re8 33. Qc6 Qe3 34. Rc7
Ne7 35. Rxe7 Rxe7 36. Nd5 Be8 37. Qc8 Qc5 38. Qxc5 bxc5 39. Nxe7 c4 40. Nf5 1-0

[Event "Vienna (Women)"]
[Site "Vienna"]
[Date "2012.05.11"]
[Round "7"]
[White "Moser, Eva"]
[Black "Batyte, Daiva"]
[Result "1-0"]
[WhiteElo "2469"]
[BlackElo "2124"]
[PlyCount "89"]
[EventDate "2012.05.05"]
[EventType "tourn"]
[EventRounds "9"]
[EventCountry "AUT"]
[SourceTitle "CBM 148 Extra"]
[Source "ChessBase"]
[SourceDate "2012.06.22"]
[SourceVersion "1"]
[SourceVersionDate "2012.06.22"]
[SourceQuality "1"]

1. g3 e5 2. c4 Nf6 3. Bg2 Nc6 4. Nc3 Bc5 5. a3 a5 6. e3 O-O 7. Nge2 Re8 8. d3
d6 9. O-O Bg4 10. h3 Bh5 11. g4 Bg6 12. Ng3 h6 13. Kh2 Rb8 14. b3 d5 15. cxd5
Ne7 16. Nce4 Nd7 17. Nxc5 Nxc5 18. e4 c6 19. b4 axb4 20. axb4 Na6 21. Bb2 cxd5
22. Bxe5 Rc8 23. Qb3 dxe4 24. dxe4 Nc6 25. Bc3 Qe7 26. Rab1 Qc7 27. Rfe1 Ne5
28. Ba1 Qc2 29. Qxc2 Rxc2 30. Bxe5 Rxe5 31. f4 Re8 32. f5 Bh7 33. e5 Rc7 34.
Bd5 Kf8 35. Rb2 Rce7 36. e6 Nc7 37. exf7 Rxe1 38. fxe8=Q+ Nxe8 39. Bxb7 Bg8 40.
b5 Nd6 41. Bg2 Re8 42. b6 Rb8 43. b7 Bc4 44. Rb6 Ke7 45. Nh5 1-0

[Event "Vienna (Women)"]
[Site "Vienna"]
[Date "2012.05.09"]
[Round "5"]
[White "Moser, Eva"]
[Black "Exler, Veronika"]
[Result "1-0"]
[WhiteElo "2469"]
[BlackElo "2133"]
[PlyCount "77"]
[EventDate "2012.05.05"]
[EventType "tourn"]
[EventRounds "9"]
[EventCountry "AUT"]
[SourceTitle "CBM 148 Extra"]
[Source "ChessBase"]
[SourceDate "2012.06.22"]
[SourceVersion "1"]
[SourceVersionDate "2012.06.22"]
[SourceQuality "1"]

1. b3 d5 2. Bb2 Nf6 3. e3 c5 4. f4 Nc6 5. Bb5 Qb6 6. a4 a6 7. a5 Qc7 8. Be5 Qd8
9. Bxc6+ bxc6 10. Nf3 e6 11. O-O Nd7 12. Bc3 f6 13. Nh4 Qe7 14. d3 Qf7 15. Bd2
Be7 16. Nc3 O-O 17. Qe2 Rb8 18. Kh1 Bd6 19. e4 Bc7 20. Nd1 Re8 21. Ne3 f5 22.
e5 Qe7 23. Nf3 Qd8 24. g4 d4 25. Nc4 fxg4 26. Ng5 h6 27. Ne4 h5 28. Ng5 g6 29.
h3 gxh3 30. Rg1 Kg7 31. Rg3 Qe7 32. Rag1 Rh8 33. Nxh3 Nf8 34. Ng5 Bd7 35. Rh3
Nh7 36. Ne4 Be8 37. Qxh5 Bf7 38. Qh6+ Kg8 39. Nf6+ 1-0

[Event "Vienna (Women)"]
[Site "Vienna"]
[Date "2012.05.07"]
[Round "3"]
[White "Newrkla, Katharina"]
[Black "Moser, Eva"]
[Result "0-1"]
[WhiteElo "2162"]
[BlackElo "2469"]
[PlyCount "84"]
[EventDate "2012.05.05"]
[EventType "tourn"]
[EventRounds "9"]
[EventCountry "AUT"]
[SourceTitle "CBM 148 Extra"]
[Source "ChessBase"]
[SourceDate "2012.06.22"]
[SourceVersion "1"]
[SourceVersionDate "2012.06.22"]
[SourceQuality "1"]

1. e4 e6 2. d4 d5 3. Nc3 Nf6 4. e5 Nfd7 5. f4 c5 6. Nf3 Nc6 7. Be3 Be7 8. dxc5
Nxc5 9. Be2 b6 10. O-O Ba6 11. Nb5 Qd7 12. Qe1 O-O 13. Nbd4 Nxd4 14. Bxd4 Bxe2
15. Qxe2 Rac8 16. Rad1 Qa4 17. g4 Ne4 18. c3 Rfe8 19. f5 Bf8 20. Rc1 b5 21. Nd2
Qxa2 22. Nxe4 dxe4 23. Qxe4 Qxb2 24. Rb1 Qa2 25. Ra1 Qc4 26. fxe6 Rxe6 27. Rxa7
Re7 28. Rxe7 Bxe7 29. Qb7 Qe6 30. h3 h5 31. gxh5 Bf8 32. Rxf7 b4 33. Rf3 b3 34.
h6 gxh6 35. Rg3+ Kh8 36. Rf3 Bg7 37. Rf7 Rg8 38. Kf2 Qxf7+ 39. Qxf7 Rf8 40.
Qxf8+ Bxf8 41. c4 Bc5 42. Bxc5 b2 0-1

[Event "Vienna (Women)"]
[Site "Vienna"]
[Date "2012.05.06"]
[Round "2"]
[White "Moser, Eva"]
[Black "Theissl Pokorna, Regina"]
[Result "1-0"]
[WhiteElo "2469"]
[BlackElo "2355"]
[PlyCount "133"]
[EventDate "2012.05.05"]
[EventType "tourn"]
[EventRounds "9"]
[EventCountry "AUT"]
[SourceTitle "CBM 148 Extra"]
[Source "ChessBase"]
[SourceDate "2012.06.22"]
[SourceVersion "1"]
[SourceVersionDate "2012.06.22"]
[SourceQuality "1"]

1. g3 Nf6 2. Bg2 d5 3. Nf3 Bg4 4. c4 e6 5. Nc3 c6 6. cxd5 exd5 7. h3 Bf5 8. d3
Bc5 9. O-O O-O 10. Qc2 Qc8 11. Kh2 h6 12. e4 dxe4 13. dxe4 Bh7 14. Nd2 Na6 15.
a3 Bd4 16. Ne2 Qd8 17. Nxd4 Qxd4 18. f3 Qc5 19. Qxc5 Nxc5 20. b4 Nd3 21. Nc4
Nxc1 22. Raxc1 Rfd8 23. Rfd1 Kf8 24. Na5 Rxd1 25. Rxd1 Rb8 26. Kg1 Ke7 27. Bf1
Nd7 28. Kf2 Ne5 29. Ke3 b6 30. Nb3 Rd8 31. Rc1 Rc8 32. f4 Nd7 33. Ba6 Rc7 34.
Bb5 Nb8 35. Bd3 Nd7 36. Nd4 c5 37. Nb5 Rb7 38. Bc4 a6 39. Bd5 Rb8 40. Na7 Kd6
41. b5 axb5 42. Bxf7 Ra8 43. Nxb5+ Ke7 44. Bc4 Ra4 45. e5 Nb8 46. Bb3 Ra5 47.
a4 Nc6 48. Rd1 c4 49. Bxc4 Rxa4 50. Be2 Re4+ 51. Kf2 Rb4 52. Rd6 Nd8 53. Rxb6
Bf5 54. h4 Rb2 55. Nc3 Rxb6 56. Nd5+ Ke6 57. Nxb6 Be4 58. Ke3 Bb1 59. Bg4+ Kf7
60. Bf3 Ke7 61. Bd5 Bf5 62. Nc4 h5 63. Nd6 Bd7 64. f5 Bc6 65. Kd4 Be8 66. Kc5
Bd7 67. Bf3 1-0

[Event "AUT-chT2M 1112"]
[Site "Austria"]
[Date "2012.04.29"]
[Round "11.2"]
[White "Moser, Eva"]
[Black "Kilgus, Georg"]
[Result "1/2-1/2"]
[WhiteElo "2432"]
[BlackElo "2427"]
[PlyCount "57"]
[EventDate "2011.10.21"]
[EventType "team-tourn"]
[EventRounds "11"]
[EventCountry "AUT"]
[SourceTitle "EXT 2013"]
[Source "ChessBase"]
[SourceDate "2012.11.22"]
[SourceVersion "1"]
[SourceVersionDate "2012.11.22"]
[SourceQuality "1"]
[WhiteTeam "Graz Styria"]
[BlackTeam "Grieskirchen/Schallerbach"]
[WhiteTeamCountry "AUT"]
[BlackTeamCountry "AUT"]

1. g3 g6 2. Bg2 Bg7 3. e4 e5 4. Ne2 d6 5. d4 Nd7 6. Nbc3 Ngf6 7. h3 O-O 8. Be3
a6 9. a4 b6 10. g4 Bb7 11. d5 h5 12. Bf3 hxg4 13. hxg4 Nh7 14. Qd2 Bf6 15.
O-O-O Ng5 16. Bg2 Kg7 17. Ng1 Be7 18. Nh3 f6 19. Nxg5 fxg5 20. Ne2 Nc5 21. Ng1
Qd7 22. f3 c6 23. Nh3 cxd5 24. Nxg5 d4 25. Rh7+ Kg8 26. Rh6 Kg7 27. Rh7+ Kg8
28. Rh6 Kg7 29. Rh7+ 1/2-1/2

[Event "BL 1112 (Women)"]
[Site "Germany"]
[Date "2012.04.22"]
[Round "11.4"]
[White "Kubikova, Alena"]
[Black "Moser, Eva"]
[Result "0-1"]
[WhiteElo "2128"]
[BlackElo "2432"]
[PlyCount "90"]
[EventDate "2011.10.29"]
[EventType "team-tourn"]
[EventRounds "11"]
[EventCountry "GER"]
[SourceTitle "EXT 2013"]
[Source "ChessBase"]
[SourceDate "2012.11.22"]
[SourceVersion "1"]
[SourceVersionDate "2012.11.22"]
[SourceQuality "1"]
[WhiteTeam "Rodewisch (W)"]
[BlackTeam "Baden-Baden (W)"]
[WhiteTeamCountry "GER"]
[BlackTeamCountry "GER"]

1. e4 d6 2. d4 Nf6 3. f3 d5 4. e5 Nfd7 5. f4 c5 6. Nf3 Nc6 7. c3 cxd4 8. Nxd4
e6 9. Be3 Be7 10. Nd2 Nxd4 11. Bxd4 Qc7 12. Bd3 Nc5 13. Bc2 Bh4+ 14. g3 Be7 15.
O-O b6 16. b4 Nd7 17. Bd3 Nb8 18. Qf3 g6 19. g4 h5 20. h3 Nc6 21. b5 Nxd4 22.
cxd4 Ba3 23. Rab1 hxg4 24. hxg4 Qe7 25. Kg2 Bb7 26. Rh1 O-O-O 27. Be2 Kb8 28.
g5 Rxh1 29. Rxh1 Rc8 30. Qb3 Bc1 31. Rd1 Qc7 32. Bd3 Qe7 33. Kg3 Ba3 34. Qb1
Bb4 35. Kf3 Rh8 36. Kg3 Ba5 37. Rc1 f6 38. Bxg6 fxg5 39. f5 exf5 40. Bxf5 g4
41. Kg2 Rh3 42. Qc2 Qh4 43. Qc7+ Ka8 44. e6 Rf3 45. e7 Qf2+ 0-1

[Event "BL 1112 (Women)"]
[Site "Germany"]
[Date "2012.04.22"]
[Round "10.4"]
[White "Moser, Eva"]
[Black "Straub, Natalia"]
[Result "1/2-1/2"]
[WhiteElo "2432"]
[BlackElo "2205"]
[PlyCount "148"]
[EventDate "2011.10.29"]
[EventType "team-tourn"]
[EventRounds "11"]
[EventCountry "GER"]
[SourceTitle "EXT 2013"]
[Source "ChessBase"]
[SourceDate "2012.11.22"]
[SourceVersion "1"]
[SourceVersionDate "2012.11.22"]
[SourceQuality "1"]
[WhiteTeam "Baden-Baden (W)"]
[BlackTeam "Halle Volksbank (W)"]
[WhiteTeamCountry "GER"]
[BlackTeamCountry "GER"]

1. g3 Nf6 2. Bg2 g6 3. e4 d6 4. d4 Bg7 5. Ne2 O-O 6. h3 e5 7. Nbc3 Nc6 8. Be3
exd4 9. Nxd4 Bd7 10. O-O Re8 11. Re1 Qc8 12. Kh2 a6 13. a4 Re5 14. g4 h5 15. g5
Nh7 16. f4 Re8 17. Nde2 Rb8 18. a5 f6 19. gxf6 Nxf6 20. Bf2 Be6 21. Bh4 Bf7 22.
Qd2 Nh7 23. Bf2 Qd8 24. Be3 Qh4 25. Ng1 Qf6 26. Nd5 Qd8 27. c4 Ne7 28. Rac1
Nxd5 29. cxd5 Rc8 30. Ne2 Nf6 31. Nc3 Qd7 32. Bf2 Nh7 33. Be3 Qd8 34. Qf2 c5
35. dxc6 bxc6 36. Bb6 Qf6 37. Rcd1 Bh6 38. Be3 Rb8 39. Rd2 Nf8 40. e5 dxe5 41.
Ne4 Qg7 42. f5 gxf5 43. Qxf5 Re6 44. Nd6 Bg6 45. Bxh6 Qxh6 46. Qf2 Qf4+ 47.
Qxf4 exf4 48. Rxe6 Nxe6 49. Bxc6 Nc5 50. Nc4 Nd3 51. Rg2 Kh7 52. Rxg6 Kxg6 53.
Be4+ Kg5 54. Bxd3 Kh4 55. Kg2 Rg8+ 56. Kf2 Kxh3 57. Bf1+ Kg4 58. Ne5+ Kf5 59.
Nf3 Rc8 60. b3 Rc6 61. Bd3+ Ke6 62. Bg6 Kd6 63. Bxh5 Kc5 64. Nd2 Kb4 65. Be2
Kxa5 66. Bc4 Kb4 67. Nf3 Kc3 68. Ne5 Rc7 69. Kf3 a5 70. Kxf4 a4 71. bxa4 Rxc4+
72. Nxc4 Kxc4 73. a5 Kb5 74. a6 Kxa6 1/2-1/2

[Event "Neckar op-A 16th"]
[Site "Deizisau"]
[Date "2012.04.07"]
[Round "4"]
[White "Moser, Eva"]
[Black "Petr, Martin"]
[Result "0-1"]
[WhiteElo "2460"]
[BlackElo "2522"]
[PlyCount "150"]
[EventDate "2012.04.05"]
[EventType "swiss"]
[EventRounds "9"]
[EventCountry "GER"]
[SourceTitle "CBM 147 Extra"]
[Source "ChessBase"]
[SourceDate "2012.04.24"]
[SourceVersion "1"]
[SourceVersionDate "2012.04.24"]
[SourceQuality "1"]

1. g3 Nf6 2. Bg2 d5 3. Nf3 e6 4. O-O Be7 5. d3 c5 6. Nbd2 Nc6 7. e4 O-O 8. Re1
b5 9. e5 Ne8 10. Nf1 Nc7 11. h4 a5 12. N1h2 b4 13. h5 a4 14. h6 g6 15. c4 Bb7
16. Be3 dxc4 17. dxc4 Qxd1 18. Raxd1 Rfd8 19. Ng5 Rxd1 20. Rxd1 Rd8 21. Rxd8+
Nxd8 22. Ne4 Na6 23. Ng4 Bxe4 24. Bxe4 b3 25. axb3 axb3 26. Kf1 Nb8 27. Bf3 Nd7
28. Bd1 Nc6 29. Bxb3 Ndxe5 30. Nxe5 Nxe5 31. Ke2 Ng4 32. Ba4 g5 33. f3 Nxh6 34.
b4 cxb4 35. c5 Nf5 36. Bf2 Nxg3+ 37. Bxg3 Bxc5 38. Be5 Be7 39. Bb3 h5 40. Kf2
Kh7 41. Bc2+ Kh6 42. Kg2 f6 43. Bd4 Kg7 44. Kh3 Kf7 45. f4 gxf4 46. Bb3 f5 47.
Be5 Bc5 48. Bxf4 Kf6 49. Kh4 e5 50. Bd2 Kg6 51. Bd1 Be7+ 52. Kg3 e4 53. Bf4 Bg5
54. Bd6 Bd2 55. Be5 Kg5 56. Bd6 Be1+ 57. Kg2 Kg6 58. Kf1 Bc3 59. Bf4 h4 60. Kg2
Be1 61. Kf1 Bg3 62. Bd2 Bd6 63. Kg2 f4 64. Kh3 f3 65. Be3 Bg3 66. Kg4 Kf6 67.
Bd4+ Ke6 68. Bb3+ Kd6 69. Bc4 Be1 70. Be3 Ke5 71. Kh3 f2 72. Kg2 b3 73. Bd2 b2
74. Ba2 Bxd2 75. Kxf2 Kf4 0-1

[Event "AUT-chT2M 1112"]
[Site "Austria"]
[Date "2012.03.04"]
[Round "9.2"]
[White "Moser, Eva"]
[Black "Sandhoefner, Florian"]
[Result "1-0"]
[WhiteElo "2432"]
[BlackElo "2201"]
[PlyCount "87"]
[EventDate "2011.10.21"]
[EventType "team-tourn"]
[EventRounds "11"]
[EventCountry "AUT"]
[SourceTitle "EXT 2013"]
[Source "ChessBase"]
[SourceDate "2012.11.22"]
[SourceVersion "1"]
[SourceVersionDate "2012.11.22"]
[SourceQuality "1"]
[WhiteTeam "Graz Styria"]
[BlackTeam "St Valentin"]
[WhiteTeamCountry "AUT"]
[BlackTeamCountry "AUT"]

1. g3 d5 2. Nf3 Nf6 3. Bg2 c6 4. c4 dxc4 5. O-O Bf5 6. Na3 b5 7. b3 cxb3 8.
axb3 e6 9. d3 Qb6 10. Nc2 Nbd7 11. Nfd4 Rc8 12. Bd2 Bc5 13. Ba5 Qb7 14. b4 Bxd4
15. Nxd4 Bg6 16. Rc1 Nd5 17. e4 Ne7 18. f4 e5 19. Nb3 exf4 20. gxf4 f5 21. Re1
O-O 22. e5 a6 23. Kh1 Qa7 24. Qe2 Nb6 25. Qf2 Rb8 26. Rc2 Rfd8 27. Nc5 Bf7 28.
e6 Be8 29. Rg1 Rd6 30. Qg3 g6 31. Qe3 Na4 32. Qe5 Nc8 33. Re2 Nxc5 34. bxc5
Rxd3 35. Bc3 Rxc3 36. Qxc3 Ne7 37. Ra1 b4 38. Qe5 a5 39. h4 Rb5 40. Rd2 Rxc5
41. Qf6 Qc7 42. Rd7 Qxf4 43. Rad1 Bxd7 44. exd7 1-0

[Event "AUT-chT2M 1112"]
[Site "Austria"]
[Date "2012.03.03"]
[Round "8.2"]
[White "Nemeth, Miklos"]
[Black "Moser, Eva"]
[Result "1-0"]
[WhiteElo "2438"]
[BlackElo "2432"]
[PlyCount "137"]
[EventDate "2011.10.21"]
[EventType "team-tourn"]
[EventRounds "11"]
[EventCountry "AUT"]
[SourceTitle "EXT 2013"]
[Source "ChessBase"]
[SourceDate "2012.11.22"]
[SourceVersion "1"]
[SourceVersionDate "2012.11.22"]
[SourceQuality "1"]
[WhiteTeam "Steyregg"]
[BlackTeam "Graz Styria"]
[WhiteTeamCountry "AUT"]
[BlackTeamCountry "AUT"]

1. e4 c5 2. Nf3 Nc6 3. d4 cxd4 4. Nxd4 Nf6 5. Nc3 e5 6. Ndb5 d6 7. Bg5 a6 8.
Na3 b5 9. Nd5 Be7 10. Bxf6 Bxf6 11. c4 b4 12. Nc2 O-O 13. g3 a5 14. Bg2 Rb8 15.
b3 Bg5 16. Nde3 Bxe3 17. Nxe3 Nd4 18. O-O Qb6 19. Qd2 a4 20. Nc2 Nxc2 21. Qxc2
Be6 22. Rfd1 Ra8 23. Rab1 Qc5 24. Rd2 axb3 25. axb3 Ra6 26. h3 Rfa8 27. Rbd1
Kf8 28. Kh2 Ke7 29. Bf3 f6 30. Bg4 Bf7 31. h4 g6 32. Bh3 Ra1 33. Rxa1 Rxa1 34.
Qd3 Ra3 35. Kg2 h5 36. g4 hxg4 37. Bxg4 Ra8 38. Bh3 Qd4 39. Qxd4 exd4 40. Bg4
Ra1 41. Rxd4 Ra3 42. Bd1 Be6 43. Kg3 Ra1 44. h5 gxh5 45. Bxh5 Rh1 46. Bd1 Rh3+
47. Kg2 Rc3 48. f3 f5 49. Kf2 f4 50. Rd2 Rc1 51. Ke2 Ra1 52. Kd3 Bf7 53. Kd4
Ke6 54. c5 Rc1 55. cxd6 Kxd6 56. e5+ Ke7 57. Ke4 Rb1 58. Kxf4 Bxb3 59. Bxb3
Rxb3 60. Rd6 Rc3 61. Rb6 b3 62. Ke4 Kd7 63. f4 Kc7 64. Rb4 Kc6 65. Kf5 Kc5 66.
Rb8 Rf3 67. e6 Kd6 68. Rd8+ Kc7 69. Rd7+ 1-0

[Event "AUT-chT2M 1112"]
[Site "Austria"]
[Date "2012.03.02"]
[Round "7.2"]
[White "Ceschia, Ivano"]
[Black "Moser, Eva"]
[Result "0-1"]
[WhiteElo "2316"]
[BlackElo "2432"]
[PlyCount "72"]
[EventDate "2011.10.21"]
[EventType "team-tourn"]
[EventRounds "11"]
[EventCountry "AUT"]
[SourceTitle "EXT 2013"]
[Source "ChessBase"]
[SourceDate "2012.11.22"]
[SourceVersion "1"]
[SourceVersionDate "2012.11.22"]
[SourceQuality "1"]
[WhiteTeam "St Veit/Glan"]
[BlackTeam "Graz Styria"]
[WhiteTeamCountry "AUT"]
[BlackTeamCountry "AUT"]

1. e4 e6 2. d4 d5 3. Nc3 Nf6 4. Bg5 dxe4 5. Nxe4 Be7 6. Bxf6 gxf6 7. Nf3 f5 8.
Nc3 a6 9. Qd2 b5 10. g3 Bb7 11. Bg2 c5 12. O-O cxd4 13. Nxd4 Bxg2 14. Kxg2 Nc6
15. Rad1 Qxd4 16. Qxd4 Nxd4 17. Rxd4 Rc8 18. Rc1 O-O 19. Nd1 Rfd8 20. Rxd8+
Bxd8 21. Kf1 f4 22. gxf4 Bc7 23. Ne3 Bxf4 24. h3 Be5 25. c3 b4 26. Rc2 bxc3 27.
Nd1 f5 28. Nxc3 Kf7 29. Ke2 Rc4 30. Rc1 Kf6 31. Kd3 Rd4+ 32. Ke2 Rh4 33. Rh1
Rb4 34. Nd1 Bxb2 35. Rg1 Be5 36. Kd2 Ra4 0-1

[Event "Donau op 20th"]
[Site "Aschach"]
[Date "2011.12.31"]
[Round "7"]
[White "Moser, Eva"]
[Black "Knechtel, Roland"]
[Result "1-0"]
[WhiteElo "2448"]
[BlackElo "2222"]
[PlyCount "45"]
[EventDate "2011.12.26"]
[EventType "swiss"]
[EventRounds "7"]
[EventCountry "AUT"]
[SourceTitle "CBM 146 Extra"]
[Source "ChessBase"]
[SourceDate "2012.02.29"]
[SourceVersion "1"]
[SourceVersionDate "2012.02.29"]
[SourceQuality "1"]

1. e4 c5 2. d3 g6 3. g3 Bg7 4. Bg2 Nc6 5. f4 d6 6. Nf3 e6 7. O-O Rb8 8. c3 b5
9. f5 exf5 10. exf5 gxf5 11. Nh4 Nge7 12. Bg5 Qc7 13. Na3 O-O 14. Nc2 b4 15.
Ne3 h6 16. Bf4 bxc3 17. bxc3 Ne5 18. Qh5 Ng4 19. Nhxf5 Nxe3 20. Nxh6+ Bxh6 21.
Bxh6 Nxg2 22. Qg5+ Ng6 23. Qf6 1-0

[Event "Donau op 20th"]
[Site "Aschach"]
[Date "2011.12.30"]
[Round "6"]
[White "Popovic, Dusan"]
[Black "Moser, Eva"]
[Result "1-0"]
[WhiteElo "2573"]
[BlackElo "2448"]
[PlyCount "143"]
[EventDate "2011.12.26"]
[EventType "swiss"]
[EventRounds "7"]
[EventCountry "AUT"]
[SourceTitle "CBM 146 Extra"]
[Source "ChessBase"]
[SourceDate "2012.02.29"]
[SourceVersion "1"]
[SourceVersionDate "2012.02.29"]
[SourceQuality "1"]

1. e4 c5 2. Nf3 Nc6 3. Bb5 g6 4. O-O Bg7 5. Re1 Nf6 6. e5 Nd5 7. Nc3 Nc7 8.
Bxc6 dxc6 9. Ne4 b6 10. Nf6+ Kf8 11. Ne4 Bg4 12. d3 Ne6 13. Ned2 Bh6 14. h3
Bxf3 15. Nxf3 Bxc1 16. Qxc1 Kg7 17. Re4 Qd5 18. Qe3 Rad8 19. b3 Nd4 20. Nxd4
cxd4 21. Qg3 Qc5 22. Re2 a5 23. Rf1 Rhe8 24. Qh4 f5 25. exf6+ exf6 26. Rfe1
Rxe2 27. Rxe2 Qd6 28. g3 c5 29. a4 Qd7 30. Qf4 Kf7 31. h4 Qd6 32. Qe4 Qd7 33.
Qf3 Qd5 34. Qf4 Qd6 35. Qh6 Kg8 36. Re4 Qf8 37. Qxf8+ Kxf8 38. Re6 Rb8 39.
Rxf6+ Ke7 40. Rf4 b5 41. Re4+ Kf6 42. axb5 Rxb5 43. Re1 Rb8 44. Kg2 h5 45. Kf3
Ra8 46. Ra1 Kf5 47. Ra4 Ke5 48. Ke2 Kd5 49. Ra1 Ra7 50. Kd2 Ra6 51. Re1 a4 52.
bxa4 Rxa4 53. f4 c4 54. Re5+ Kd6 55. dxc4 Rxc4 56. Rg5 Rc3 57. Rxg6+ Kd5 58.
Rg5+ Ke4 59. Re5+ Kf3 60. Rxh5 Kxg3 61. Rd5 Rc4 62. Kd3 Rc3+ 63. Kd2 Rc4 64. f5
Kxh4 65. f6 Rc7 66. Rf5 Rf7 67. Kd3 Kg4 68. Rf1 Kg5 69. Kxd4 Kg6 70. Ke5 Kh7
71. Ke6 Kg8 72. Rg1+ 1-0